|
|
|
|
| LEADER |
00000cam a2200000 7i4500 |
| 001 |
0000013707 |
| 005 |
20080125.0 |
| 008 |
250108 |
| 020 |
|
|
|a 9830463125
|
| 090 |
0 |
0 |
|a 297.22
|b KAS
|
| 100 |
0 |
|
|a Kasmuri Selamat MA
|
| 245 |
1 |
0 |
|a Penawar mengatasi lemah iman
|c Kasmuri Selamat MA
|
| 260 |
|
|
|a Kuala Lumpur :
|b Darul Nu'man ,
|c 2001
|
| 650 |
|
0 |
|a Faith
|x Islam
|
| 650 |
|
0 |
|a Islam
|x Faith
|
| 710 |
1 |
|
|a Title
|
| 999 |
|
|
|a 0001006823
|b Book
|c Adult Collection
|e Perbadanan Perpustakaan Awam Johor
|
| 999 |
|
|
|a 0001006824
|b Book
|c Adult Collection
|e Perbadanan Perpustakaan Awam Johor
|
| 999 |
|
|
|a 0001006825
|b Book
|c Adult Collection
|e Perbadanan Perpustakaan Awam Johor
|